00502nam a2200193 a 4500001001300000003000900013005001700022008004100039020001000080082001300090100002200103245004200125260003000167300000800197500003500205505001900240650002700259700002200286nice12345678IN_TiNIC20260116011808.0050524s1927 egya grp 000 0 ara  ac10000a248bTRO aTrotter, I Lilias aNoorul Anwar Fi Kashfur Sabatul Asrar aEgyptbMatba-E-Neelc1927 a98p aincludes index and biblioraphy2 aReserve copies aMysticism-Christianity1 aTrotter, I Lilias